000 00187nam a22000857a 4500
999 _c41252
_d41252
100 _aKapoor, Gurbaksh Singh
245 _aMadhya kalin Bharat Ka Suvidh Itihas
260 _c1962
942 _cBK